000 00418nam a2200157Ia 4500
008 100122s9999 xx 000 0 und d
082 _b67897
_a823
100 _aशिरवळकर सुहास
245 _aप्रयास
250 _a2
260 _bशशिदीप प्रकाशन
_c2005
300 _a250
630 _aप्रयास
730 _aप्रयास
942 _cBOOK
999 _c439728
_d439725